| 000 | 03010nam a22004575i 4500 | ||
|---|---|---|---|
| 001 | 60180 | ||
| 005 | 20200226102239.0 | ||
| 007 | cr nn 008mamaa | ||
| 008 | 161107s2017 gw | s |||| 0|eng d | ||
| 020 |
_a9783319441825 _9978-3-319-44182-5 |
||
| 024 | 7 |
_a10.1007/978-3-319-44182-5 _2doi |
|
| 035 | _a(DE-He213)978-3-319-44182-5 | ||
| 050 | 4 | _aRD137-139 | |
| 072 | 7 |
_aMNC _2bicssc |
|
| 072 | 7 |
_aMJW _2bicssc |
|
| 072 | 7 |
_aMED085000 _2bisacsh |
|
| 072 | 7 |
_aMED069000 _2bisacsh |
|
| 082 | 0 | 4 |
_a617.98 _223 |
| 100 | 1 |
_aAl-Salem, Ahmed H. _eauthor. |
|
| 245 | 1 | 3 |
_aAn Illustrated Guide to Pediatric Urology _h[electronic resource] / _cby Ahmed H. Al-Salem. |
| 264 | 1 |
_aCham : _bSpringer International Publishing : _bImprint: Springer, _c2017. |
|
| 300 |
_aXIX, 702 p. 986 illus., 775 illus. in color. _bonline resource. |
||
| 336 |
_atext _btxt _2rdacontent |
||
| 337 |
_acomputer _bc _2rdamedia |
||
| 338 |
_aonline resource _bcr _2rdacarrier |
||
| 347 |
_atext file _bPDF _2rda |
||
| 505 | 0 | _a1. Congenital urological malformations -- 2. Hydronephrosis in infants and children -- 3. Pelviureteric Junction (PUJ) Obstruction -- 4. Renal tumors in children -- 5. Multicystic dysplastic kidney (MCDK) -- 6. Congenital ureteral anomalies -- 7. Congenital megaureter -- 8. Vesicoureteral reflux (VUR) in children -- 9. Pediatric urolithiasis -- 10. Persistent Mullerian duct syndrome (PMDS) -- 11. Neurogenic bladder sphincter dysfunction -- 12. Urinary tract infection in infants and children -- 13. Bladder exstrophy-epispadias complex -- 14. Megacystis Microcolon Intestinal Hypoperistalsis Syndrome (Berdon syndrome) -- 15. Cloacal anomalies -- 16. Urachal remnants -- 17. Inguinal hernia and hydrocele -- 18. Cloacal exstrophy -- 19. Posterior urethral valve -- 20. Utricular cyst (Prostatic utricular cyst) -- 21. Hypospadias -- 22. Male circumcision -- 23. Priapism in children -- 24. Undescended testes (Cryptorchidism) -- 25. Varicocele -- 26. Testicular torsion and torsion of the testicular or epididymal appendage -- 27. Testicular tumors in children -- 28. Splenogonadal fusion -- 29. Acute scrotum -- 30. Hydrocolpos, vaginal agenesis and atresia -- 31. Disorders of sexual development. . | |
| 520 | _aThis book is vital for physicians caring for young patients with urological conditions, as a quick reference book that is easy to read and well-illustrated. An Illustrated Guide to Pediatric Urology is useful to general surgeons, pediatricians, pediatric surgeons, fellows, residents, general physicians and family physicians, medical students and nurses. . | ||
| 650 | 0 | _aMedicine. | |
| 650 | 0 | _aPediatric surgery. | |
| 650 | 0 | _aUrology. | |
| 650 | 1 | 4 | _aMedicine & Public Health. |
| 650 | 2 | 4 | _aPediatric surgery. |
| 650 | 2 | 4 | _aUrology. |
| 710 | 2 | _aSpringerLink (Online service) | |
| 773 | 0 | _tSpringer eBooks | |
| 776 | 0 | 8 |
_iPrinted edition: _z9783319441818 |
| 856 | 4 | 0 | _uhttp://dx.doi.org/10.1007/978-3-319-44182-5 |
| 912 | _aZDB-2-SME | ||
| 999 |
_c322 _d322 |
||